000 00942nam a2200289 a 4500
001 BRL_925
005 20190320210945.0
008 241013s1949----nyuao#####---#000-0#eng-#
041 _aeng
044 _anyu
050 4 _aF1435.3.A7
_b.V35 1949
100 1 _aVaillant, George Clapp
_d1901-1945
_925338
245 1 0 _aArtists and Craftsmen in Ancient Central America
_cBy George C. Vaillant.
260 _aNew York
_bAmerican Museum of Natural History
_c1949
300 _a102 p.
_bil.
_c25 cm.
440 0 _aScience guide
_v88
_925339
500 _aej.1 Au1014 ; ej.2 Au1361
500 _aLa biblioteca cuenta con 2 ejemplares.
504 _aBibliografía: p. 97-102
650 1 4 _aArte indígena
_zAmérica Central
_925340
650 1 4 _aArte maya
_9621
650 1 4 _aArte azteca
_925341
650 1 4 _aCerámica indígena
_zAmérica Central
_925342
651 4 _aAmérica Central
_xAntigüedades
_923855
902 _aGRL
942 _2lcc
_cB
999 _c9737
_d9737